Το ιστορικό του Ι. Ναού της Αγ. Δυνάμεως (Αγίας Θεοδοσίας) Ολύμπων Χίου και η ακολουθία με τα μαρτύρια και τα θαύματα της Αγίας
Saved in:
| Other Authors: | , , |
|---|---|
| Format: | Book |
| Language: | Greek |
| Published: |
[Χίος;] :
Επιτροπή Ιερού Ναού Αγίας Θεοδοσίας,
[1996;]
|
| Subjects: | |
| Tags: |
Add Tag
No Tags, Be the first to tag this record!
|
MARC
| LEADER | 00000cam a2200000 i 4500 | ||
|---|---|---|---|
| 001 | 1/67312 | ||
| 008 | 071212q1996 gre d | ||
| 035 | |l 10093034 | ||
| 040 | |a GR-MY-UA |b gre |e aacr | ||
| 041 | 0 | |a gre | |
| 082 | 0 | |a 274.99 |2 (22) | |
| 245 | 1 | 3 | |a Το ιστορικό του Ι. Ναού της Αγ. Δυνάμεως (Αγίας Θεοδοσίας) Ολύμπων Χίου και η ακολουθία με τα μαρτύρια και τα θαύματα της Αγίας / |c επιμέλεια Νικόλαος Βολάκης, Δημήτριος Παπαγιαννάκης ; φωτογραφίες: Κώστας Σταμούλης |
| 260 | |a [Χίος;] : |b Επιτροπή Ιερού Ναού Αγίας Θεοδοσίας, |c [1996;] | ||
| 300 | |a 40 σ.; |b έγχρ. εικ.; |c 23 εκ. | ||
| 650 | 0 | |a Church |z Greece |z Olympoi. | |
| 650 | 0 | |a Monasteries |z Greece |z Olympoi. | |
| 700 | 1 | |a Βολάκης, Νικόλαος. |4 edt | |
| 700 | 1 | |a Παπαγιαννάκης, Δημήτριος. |4 edt | |
| 700 | 1 | |a Σταμούλης, Κώστας. |4 pht | |
| 852 | |a INST |b CHIOS |e 20071212 |h 274.99 ΙΣΤ |p 005200028082 |q 005200028082 |t BK |y 0 | ||
| 901 | |a BIBL2-2007-3 | ||
| 909 | |a Χ |b 131571 | ||
| 920 | |a ΕΠΙΤΡΟΠΗ ΙΕΡΟΥ ΝΑΟΥ ΑΓ. ΔΥΝΑΜΗΣ ΟΛΥΜΠΩΝ ΧΙΟΥ |y ΧΙΟΣ | ||
| 970 | |a ΒΑΡΦΗΣ |b ΒΑΓΓΕΛΗΣ |z 2007/12/12 | ||